000 00561nam a2200205 4500
001 139077
003 ES-MaACL
005 20230906195710.0
007 t|
008 070214s1924 sp r ||||1| spa d
100 1 _aSarasino, Ernesto.
_9103765
245 1 2 _aL'amatore di maioliche e porcellane /
_cErnesto Sarasino.
250 _a3ยช. ed.
260 _aMilano :
_bCarlo Sironi,
_c1924.
300 _aXII, 266 p. :
_bil. ;
_c15 cm.
490 1 _aManuali Hoepli
830 0 _aManuali Hoepli
_9180782
852 _aES-MaACL
_jF-4541
999 _c139077
_d139077